LIBRARY & INFORMATION CENTRE, KCAET, TAVANUR

ONLINE PUBLIC ACCESS CATALOGUE (OPAC)

Swann`s way / (Record no. 6835)

MARC details
000 -LEADER
fixed length control field 00373cam a2200157ua 4500
041 ## - LANGUAGE CODE
Language code of text/sound track or separate title eng
082 ## - DEWEY DECIMAL CLASSIFICATION NUMBER
Classification number 823.038
Item number PRO/SW
100 ## - MAIN ENTRY--AUTHOR NAME
Personal name Proust, Marcel .
245 ## - TITLE STATEMENT
Title Swann`s way /
250 ## - EDITION STATEMENT
Edition statement 1 /
260 ## - PUBLICATION, DISTRIBUTION, ETC. (IMPRINT)
Place of publication London :
Name of publisher Chatto and Windus ,
Year of publication 1960.
300 ## - PHYSICAL DESCRIPTION
Number of Pages 287 ; .
942 ## - ADDED ENTRY ELEMENTS (KOHA)
Koha item type Books
Holdings
Withdrawn status Lost status Damaged status Home library Current library Date acquired Cost, normal purchase price Full call number Accession Number Koha item type Public note
Withdrawn     KAUAET Sanskrit University 07/04/2012 12.50 823.038 6713 Books Transferred to Sanskrit University
free website counter